<?xml version="1.0" encoding="UTF-8"?>
<record
    xmlns:xsi="http://www.w3.org/2001/XMLSchema-instance"
    xsi:schemaLocation="http://www.loc.gov/MARC21/slim http://www.loc.gov/standards/marcxml/schema/MARC21slim.xsd"
    xmlns="http://www.loc.gov/MARC21/slim">

  <leader>00975nam0a2200289   4500</leader>
  <controlfield tag="001">RU\NLR\BIBL_A\012859308</controlfield>
  <controlfield tag="005">20250624184540.0</controlfield>
  <datafield tag="010" ind1=" " ind2=" ">
    <subfield code="9">5000</subfield>
  </datafield>
  <datafield tag="035" ind1=" " ind2=" ">
    <subfield code="a">(NLR Aleph) 012859308</subfield>
  </datafield>
  <datafield tag="090" ind1=" " ind2=" ">
    <subfield code="a">13310984</subfield>
    <subfield code="c">13310984</subfield>
  </datafield>
  <datafield tag="100" ind1=" " ind2=" ">
    <subfield code="a">20220803d1962    |||y0rusy50      ca</subfield>
  </datafield>
  <datafield tag="101" ind1="0" ind2=" ">
    <subfield code="a">chv</subfield>
  </datafield>
  <datafield tag="102" ind1=" " ind2=" ">
    <subfield code="a">RU</subfield>
  </datafield>
  <datafield tag="105" ind1=" " ind2=" ">
    <subfield code="a">a   z   000 y</subfield>
  </datafield>
  <datafield tag="181" ind1=" " ind2="0">
    <subfield code="a">i </subfield>
    <subfield code="b">axxe  </subfield>
  </datafield>
  <datafield tag="182" ind1=" " ind2="0">
    <subfield code="a">n</subfield>
  </datafield>
  <datafield tag="200" ind1="1" ind2=" ">
    <subfield code="a">&#x41D;&#x438;&#x43C;&#x4D7;&#x4AB; &#x43F;&#x4D1;&#x440;&#x4AB;&#x438; &#x430;&#x43A;&#x441;&#x430; &#x442;&#x4D1;&#x432;&#x430;&#x441;&#x441;&#x438;</subfield>
    <subfield code="f">&#x41B;. &#x42F;. &#x412;&#x435;&#x431;&#x435;&#x440;, &#x44F;&#x43B; &#x445;&#x443;&#x4AB;&#x4D1;&#x445; &#x43D;&#x430;&#x443;&#x43A;&#x438;&#x441;&#x435;&#x43D; &#x43A;&#x430;&#x43D;&#x434;.</subfield>
  </datafield>
  <datafield tag="203" ind1=" " ind2=" ">
    <subfield code="a">&#x422;&#x435;&#x43A;&#x441;&#x442;</subfield>
    <subfield code="b">&#x432;&#x438;&#x437;&#x443;&#x430;&#x43B;&#x44C;&#x43D;&#x44B;&#x439;</subfield>
    <subfield code="c">&#x43D;&#x435;&#x43F;&#x43E;&#x441;&#x440;&#x435;&#x434;&#x441;&#x442;&#x432;&#x435;&#x43D;&#x43D;&#x44B;&#x439;</subfield>
  </datafield>
  <datafield tag="210" ind1=" " ind2=" ">
    <subfield code="a">&#x428;&#x443;&#x43F;&#x430;&#x448;&#x43A;&#x430;&#x440;</subfield>
    <subfield code="c">&#x427;&#x4D1;&#x432;&#x430;&#x448; &#x410;&#x421;&#x421;&#x420; &#x43A;&#x11B;&#x43D;&#x435;&#x43A;&#x435; &#x438;&#x437;&#x434;-&#x432;&#x438;</subfield>
    <subfield code="d">1962</subfield>
  </datafield>
  <datafield tag="215" ind1=" " ind2=" ">
    <subfield code="a">42,[1] &#x441;.</subfield>
    <subfield code="c">&#x438;&#x43B;.</subfield>
    <subfield code="d">19</subfield>
  </datafield>
  <datafield tag="541" ind1="1" ind2=" ">
    <subfield code="a">&#x412;&#x43E;&#x437;&#x434;&#x435;&#x43B;&#x44B;&#x432;&#x430;&#x43D;&#x438;&#x435; &#x43A;&#x43E;&#x440;&#x43C;&#x43E;&#x432;&#x44B;&#x445; &#x431;&#x43E;&#x431;&#x43E;&#x432;</subfield>
    <subfield code="z">rus</subfield>
  </datafield>
  <datafield tag="686" ind1="1" ind2=" ">
    <subfield code="a">&#x423;9(2)325.15-53</subfield>
  </datafield>
  <datafield tag="700" ind1=" " ind2="1">
    <subfield code="a">&#x412;&#x435;&#x431;&#x435;&#x440;</subfield>
    <subfield code="b">&#x41B;. &#x42F;.</subfield>
    <subfield code="g">&#x41B;&#x435;&#x43E;&#x43D;&#x433;&#x430;&#x440;&#x434; &#x42F;&#x43A;&#x43E;&#x432;&#x43B;&#x435;&#x432;&#x438;&#x447;</subfield>
    <subfield code="4">070</subfield>
  </datafield>
  <datafield tag="852" ind1=" " ind2=" ">
    <subfield code="a">NLR</subfield>
    <subfield code="b">&#x41E;&#x41D;&#x41B;</subfield>
    <subfield code="j">&#x427;&#x443;&#x432;./2-3100</subfield>
  </datafield>
  <datafield tag="942" ind1=" " ind2=" ">
    <subfield code="c">BOOK</subfield>
  </datafield>
  <datafield tag="980" ind1=" " ind2=" ">
    <subfield code="a">NB</subfield>
  </datafield>
  <datafield tag="995" ind1=" " ind2=" ">
    <subfield code="5">2022-08-03</subfield>
    <subfield code="b">NLR01</subfield>
    <subfield code="c">NLR01</subfield>
    <subfield code="e">ONL</subfield>
    <subfield code="f">1-3003214</subfield>
    <subfield code="k">&#x41E;&#x41D;&#x41B; &#x427;&#x443;&#x432;./2-3100</subfield>
    <subfield code="o">0</subfield>
    <subfield code="r">BOOK</subfield>
    <subfield code="s">_23100</subfield>
  </datafield>
</record>
